Space Invaders Pixel Art #1 - Mort subite - Statistiques

Statistiques générales
  • Ce quiz a été pris 2 845 fois
    2 094 depuis la dernière actualisation
  • Le résultat moyen est 17 sur 46
Answers on the Grid
Answers color-coded by a green-red scale on the quiz's grid according to % correct below.
 
Statistiques - réponses
Réponse % Correct
65%
64%
59%
58%
51%
47%
45%
45%
45%
44%
44%
43%
43%
43%
42%
42%
41%
39%
37%
37%
37%
37%
37%
37%
37%
35%
34%
33%
33%
33%
31%
31%
30%
30%
30%
29%
29%
29%
29%
28%
28%
28%
26%
24%
24%
23%
Aucun quiz correspondant
Distribution des résultats
% des personnes avec chaque résultat
Percentile par nombre de réponses
Votre historique - résultats
Vous n’avez pas pris ce quiz depuis la dernière actualisation